| 000 | 00548nam a2200169Ia 4500 | ||
|---|---|---|---|
| 005 | 20250508153217.0 | ||
| 008 | 008 250505s9999 xx 000 0 eng d | ||
| 037 | _aBooks to be hide in OPAC | ||
| 040 |
_aFEDL _beng _cFEDL |
||
| 041 |
_aeng _2eng |
||
| 084 |
_a015.42, BRI/O _qFEDL |
||
| 100 |
_aWells A J Ed. _9763417 |
||
| 245 | 0 | _aBritish national biblography cumulated index 1955-1959 | |
| 260 |
_aLondon, UK _bThe Council of the British National Bibliography, Ltd. |
||
| 942 |
_cHB _h015.42, BRI/O |
||
| 999 |
_c1341284 _d1341284 |
||